[Event "ROM-ch U14"]
[Site "Calimanesti"]
[Date "2015.04.04"]
[Round "7"]
[White "Cretiu, Codreanu Tudor"]
[Black "Datcu Goiceanu, David"]
[Result "0-1"]
[WhiteElo "1374"]
[BlackElo "1813"]
[PlyCount "118"]
[EventDate "2015.03.30"]
[EventType "swiss"]
[EventRounds "9"]
[EventCountry "ROU"]
[SourceTitle "CBM 165 Extra"]
[Source "ChessBase"]
[SourceDate "2015.04.21"]
[SourceVersion "1"]
[SourceVersionDate "2015.04.21"]
[SourceQuality "1"]

1. d4 Nf6 2. Nc3 d5 3. Bg5 Nbd7 4. Qd2 c6 5. 0-0-0 e6 6. f3 Be7 7. e4 dxe4 8. fxe4 h6 9. Bh4 Qa5 10. Bxf6 Nxf6 11. Nf3 Bd7 12. Bd3 0-0-0 13. h4 Be8 14. Qe1 Qc7 15. e5 Nd5 16. Nxd5 cxd5 17. Qg3 g6 18. Rhf1 a5 19. Nh2 a4 20. Be2 Kb8 21. Ng4 Rc8 22. Rd2 Qa5 23. Rf3 Bb4 24. c3 a3 25. Kb1 Qc7 26. b3 Ba5 27. Rc2 Qb6 28. Ka1 Rc7 29. Qf4 h5 30. Nf2 Bb5 31. Bxb5 Qxb5 32. Nd1 Rhc8 33. Qg3 Qa6 34. Kb1 b5 35. Ka1 b4 36. Kb1 bxc3 37. Qh3 Qb6 38. Rd3 Qb4 39. Ka1 Bb6 40. Qe3 Ba5 41. Qh3 Bb6 42. Qe3 Ka8 43. Kb1 Rc4 44. Rdxc3 Rxc3 45. Rxc3 Rxc3 46. Qxc3 Qxc3 47. Nxc3 Bxd4 48. Kc2 Bxe5 49. Nb5 Bg3 50. Nxa3 Bxh4 51. Kd3 Be7 52. Nc2 Kb7 53. Nd4 Kb6 54. Nf3 Bf6 55. a4 Ka5 56. Kd2 Kb4 57. Kd3 e5 58. Kc2 e4 59. Ng1 Be5 0-1

[Event "ROM-ch U14"]
[Site "Calimanesti"]
[Date "2015.04.03"]
[Round "6"]
[White "Bobocea, Laurentiu Vlad"]
[Black "Datcu Goiceanu, David"]
[Result "1-0"]
[WhiteElo "1675"]
[BlackElo "1813"]
[PlyCount "112"]
[EventDate "2015.03.30"]
[EventType "swiss"]
[EventRounds "9"]
[EventCountry "ROU"]
[SourceTitle "CBM 165 Extra"]
[Source "ChessBase"]
[SourceDate "2015.04.21"]
[SourceVersion "1"]
[SourceVersionDate "2015.04.21"]
[SourceQuality "1"]

1. d4 f5 2. c4 Nf6 3. Nc3 d6 4. Nf3 g6 5. Bf4 Bg7 6. e3 0-0 7. Bd3 e6 8. 0-0 Nc6 9. a3 h6 10. h4 Nh5 11. Be2 Nxf4 12. exf4 Qe7 13. Re1 Bd7 14. Bf1 Qf7 15. Qd2 Rae8 16. Nb5 Bc8 17. d5 a6 18. dxc6 axb5 19. cxb5 e5 20. fxe5 dxe5 21. Rac1 Qf6 22. cxb7 Bxb7 23. Rxc7 Bxf3 24. gxf3 Rd8 25. Qb4 Rfe8 26. Rc6 Qe7 27. Qxe7 Rxe7 28. Rxg6 Rd2 29. Re2 Rd4 30. b6 Kh7 31. h5 e4 32. fxe4 fxe4 33. Rc6 Rd5 34. Rc7 Rxc7 35. bxc7 Rc5 36. Rxe4 Rxc7 37. Bd3 Kg8 38. Re8+ Bf8 39. b4 Ra7 40. Bc4+ Kg7 41. Re3 Ra8 42. Kg2 Kf6 43. Kg3 Bd6+ 44. f4 Kf5 45. Bd3+ Kf6 46. Bg6 Ra7 47. Kf3 Ra8 48. f5 Be5 49. Rb3 Bd6 50. Ke4 Rd8 51. a4 Bc7 52. Rc3 Bb8 53. Rc6+ Ke7 54. f6+ Kd7 55. Rc4 Ba7 56. b5 Ke6 1-0

[Event "ROM-ch U14"]
[Site "Calimanesti"]
[Date "2015.04.02"]
[Round "4"]
[White "Datcu Goiceanu, David"]
[Black "Palii, Alex"]
[Result "0-1"]
[WhiteElo "1813"]
[BlackElo "1640"]
[PlyCount "110"]
[EventDate "2015.03.30"]
[EventType "swiss"]
[EventRounds "9"]
[EventCountry "ROU"]
[SourceTitle "CBM 165 Extra"]
[Source "ChessBase"]
[SourceDate "2015.04.21"]
[SourceVersion "1"]
[SourceVersionDate "2015.04.21"]
[SourceQuality "1"]

1. e4 c5 2. c3 d5 3. exd5 Qxd5 4. d4 Nc6 5. Nf3 Nf6 6. Be3 cxd4 7. cxd4 e6 8. Nc3 Qd8 9. a3 Bd6 10. Bd3 0-0 11. 0-0 e5 12. d5 Ne7 13. Bg5 Nd7 14. Qc2 h6 15. Bh4 Nc5 16. Bh7+ Kh8 17. b4 Na6 18. Bd3 f5 19. Bxa6 bxa6 20. h3 g5 21. Bg3 f4 22. Bh2 Bf5 23. Qe2 Rc8 24. Rac1 a5 25. Nxe5 axb4 26. axb4 Bxb4 27. Nb5 Qxd5 28. Nc7 Qe4 29. Qb2 Kh7 30. Rc4 Qb7 31. Rfc1 a5 32. Qe2 Bd6 33. Nf3 Rf7 34. Ne6 Rxc4 35. Qxc4 Qd5 36. Qxd5 Nxd5 37. Ned4 Be4 38. Nd2 Bg6 39. Nc4 Bb4 40. Ne5 Rc7 41. Rxc7+ Nxc7 42. Nxg6 Kxg6 43. Kf1 a4 44. Nc2 Bc5 45. Ke2 a3 46. Kd3 a2 47. g3 Kf5 48. g4+ Ke6 49. Kc4 Bxf2 50. Kb3 a1Q 51. Nxa1 Ke5 52. Kc2 Ke4 53. Kd1 Kf3 54. Nc2 Kg2 55. Ke2 f3+ 0-1

[Event "ROM-ch U14"]
[Site "Calimanesti"]
[Date "2015.04.01"]
[Round "3"]
[White "Ciorica, Mihai Vlad"]
[Black "Datcu Goiceanu, David"]
[Result "1-0"]
[WhiteElo "1960"]
[BlackElo "1813"]
[PlyCount "99"]
[EventDate "2015.03.30"]
[EventType "swiss"]
[EventRounds "9"]
[EventCountry "ROU"]
[SourceTitle "CBM 165 Extra"]
[Source "ChessBase"]
[SourceDate "2015.04.21"]
[SourceVersion "1"]
[SourceVersionDate "2015.04.21"]
[SourceQuality "1"]

1. d4 g6 2. c4 Bg7 3. e4 d6 4. Nc3 e5 5. Nge2 f5 6. exf5 Bxf5 7. Ng3 Be6 8. d5 Bd7 9. Bd3 Nh6 10. h4 Qe7 11. h5 g5 12. Nce4 g4 13. Ng5 Na6 14. Bxh7 0-0-0 15. Bg6 Bf6 16. N5e4 Bh4 17. Be3 b6 18. Qd2 Bxg3 19. Nxg3 Qg7 20. a4 Nc5 21. Bc2 a5 22. b4 Nb7 23. Ke2 Rdf8 24. Bd3 Nf5 25. Nxf5 Bxf5 26. Bxf5+ Rxf5 27. h6 Qe7 28. Qc2 e4 29. Qc3 Rh7 30. Rab1 Qe5 31. Qxe5 Rxe5 32. Rh4 axb4 33. Rxg4 Nc5 34. Rxb4 Nd3 35. Rb1 Nc5 36. Bxc5 dxc5 37. Rh1 Kb7 38. Ke3 Ka6 39. Rxe4 Rg5 40. Rh2 Ka5 41. f4 Rg3+ 42. Kf2 Rc3 43. f5 Rc2+ 44. Kg3 Kxa4 45. f6 Rc3+ 46. Kg4 Kb4 47. f7 Rxf7 48. h7 Rg7+ 49. Kf5 Rcg3 50. Rh5 1-0

[Event "ROM-ch U14"]
[Site "Calimanesti"]
[Date "2014.04.12"]
[Round "8"]
[White "Datcu Goiceanu, David"]
[Black "Chioran, Andrei Ovidiu"]
[Result "1-0"]
[WhiteElo "1613"]
[BlackElo "1728"]
[PlyCount "117"]
[EventDate "2014.04.06"]
[EventType "swiss"]
[EventRounds "9"]
[EventCountry "ROU"]
[SourceTitle "CBM 160 Extra"]
[Source "ChessBase"]
[SourceDate "2014.07.01"]
[SourceVersion "1"]
[SourceVersionDate "2014.07.01"]
[SourceQuality "1"]

1. e4 c5 2. Nf3 Nc6 3. d4 cxd4 4. Nxd4 Nf6 5. Nc3 g6 6. Be3 Bg7 7. Nb3 d6 8. f3 Bd7 9. Qd2 Rc8 10. Be2 h5 11. h4 a6 12. 0-0-0 b5 13. Nd5 Nxd5 14. exd5 Ne5 15. Bd4 Qc7 16. Kb1 Bh6 17. Qc3 Qb7 18. Nc5 Qa8 19. Bxe5 Rxc5 20. Bxh8 Rxc3 21. Bxc3 a5 22. a3 Be3 23. Bd4 Bf4 24. Bf2 Be5 25. g4 b4 26. Ka2 Qb7 27. Be1 bxa3 28. b3 Qc7 29. c4 Qb6 30. Rd3 Bc8 31. Rf1 Ba6 32. Bf2 Qb7 33. Rc1 Bb2 34. Rc2 Qc7 35. Be3 Bc8 36. c5 Kf8 37. c6 Ba6 38. Rdd2 Bxe2 39. Rxe2 Bf6 40. g5 Be5 41. f4 Bb2 42. Bb6 Qc8 43. Bxa5 Bd4 44. b4 Ke8 45. b5 Bc5 46. b6 Qf5 47. Rcd2 Qxf4 48. Kb3 Qg3+ 49. Kc4 Qg1 50. b7 Qb1 51. Rb2 Qc1+ 52. Kb5 Ba7 53. Rbc2 Qb1+ 54. Ka6 a2 55. c7 Qb6+ 56. Bxb6 a1Q+ 57. Ba5 f5 58. c8Q+ Kf7 59. Qe6+ 1-0

[Event "ROM-ch U14"]
[Site "Calimanesti"]
[Date "2014.04.09"]
[Round "5"]
[White "Cretiu, Codreanu Tudor"]
[Black "Datcu Goiceanu, David"]
[Result "1/2-1/2"]
[WhiteElo "1428"]
[BlackElo "1613"]
[PlyCount "88"]
[EventDate "2014.04.06"]
[EventType "swiss"]
[EventRounds "9"]
[EventCountry "ROU"]
[SourceTitle "CBM 160 Extra"]
[Source "ChessBase"]
[SourceDate "2014.07.01"]
[SourceVersion "1"]
[SourceVersionDate "2014.07.01"]
[SourceQuality "1"]

1. e4 d5 2. exd5 Qxd5 3. Nc3 Qd6 4. d4 Nf6 5. Nf3 a6 6. g3 Bg4 7. h3 Bh5 8. Bg2 Nc6 9. Be3 0-0-0 10. 0-0 e5 11. dxe5 Nxe5 12. Qxd6 Bxd6 13. Nd4 Nc4 14. Bg5 h6 15. Bxf6 gxf6 16. Rfe1 Bc5 17. Nb3 Ba7 18. Bf1 Ne5 19. Be2 Nf3+ 20. Bxf3 Bxf3 21. Ne4 Rhg8 22. Kf1 f5 23. Ned2 Bh5 24. Re5 Bg6 25. Nf3 Rge8 26. Rae1 Rxe5 27. Nxe5 Re8 28. Nxg6 Rxe1+ 29. Kxe1 fxg6 30. Ke2 Kd7 31. f3 Ke6 32. Kd3 Ke5 33. f4+ Kd6 34. Nd4 h5 35. c3 c5 36. Nf3 Ke6 37. Ne5 Kf6 38. a4 b5 39. b3 Kg7 40. Ke2 Bb8 41. Nd7 Bd6 42. Kf3 Kh6 43. Nf6 g5 44. fxg5+ Kxg5 1/2-1/2

[Event "ROM-ch U14"]
[Site "Calimanesti"]
[Date "2014.04.07"]
[Round "2"]
[White "Datcu Goiceanu, David"]
[Black "Ion, Dragos Cosmin"]
[Result "1-0"]
[WhiteElo "1613"]
[BlackElo "1399"]
[PlyCount "87"]
[EventDate "2014.04.06"]
[EventType "swiss"]
[EventRounds "9"]
[EventCountry "ROU"]
[SourceTitle "CBM 160 Extra"]
[Source "ChessBase"]
[SourceDate "2014.07.01"]
[SourceVersion "1"]
[SourceVersionDate "2014.07.01"]
[SourceQuality "1"]

1. e4 c5 2. Nf3 Nc6 3. d4 cxd4 4. Nxd4 Nf6 5. Nc3 d6 6. f3 e6 7. Be3 Be7 8. Qd2 a6 9. 0-0-0 Bd7 10. g4 h6 11. h4 Qc7 12. Bd3 e5 13. Nb3 Be6 14. Kb1 b5 15. g5 hxg5 16. hxg5 Rxh1 17. Rxh1 Nd7 18. Nd5 Bxd5 19. exd5 Na7 20. Rc1 Nc5 21. Bf5 Nc8 22. f4 Nb6 23. Na5 Nc4 24. Nxc4 bxc4 25. Rd1 g6 26. Bxc5 Qxc5 27. Be4 Rd8 28. c3 Kd7 29. fxe5 dxe5 30. Rf1 Ke8 31. Qh2 Qd6 32. Qf2 Kd7 33. Qa7+ Ke8 34. Qf2 Kd7 35. Qe2 Rf8 36. Qxc4 Bxg5 37. Qa4+ Kd8 38. Qa5+ Kd7 39. Bd3 Bd8 40. Qa4+ Ke7 41. Bxa6 Qxd5 42. Rd1 Qe6 43. Qb4+ Kf6 44. Rd6 1-0

[Event "ROM-ch U12"]
[Site "Calimanesti"]
[Date "2013.04.06"]
[Round "7"]
[White "Datcu Goiceanu, David"]
[Black "Gogonea, Paul"]
[Result "1-0"]
[WhiteElo "1636"]
[BlackElo "1404"]
[PlyCount "37"]
[EventDate "2013.04.02"]
[EventType "swiss"]
[EventRounds "9"]
[EventCountry "ROU"]
[SourceTitle "CBM 153 Extra"]
[Source "ChessBase"]
[SourceDate "2013.04.22"]
[SourceVersion "1"]
[SourceVersionDate "2013.04.22"]
[SourceQuality "1"]

1. e4 c6 2. d4 d5 3. exd5 cxd5 4. c4 Nf6 5. Nc3 e6 6. Nf3 Bb4 7. cxd5 Nxd5 8. Bd2 0-0 9. Bd3 Be7 10. 0-0 Bf6 11. Ne4 Nd7 12. Rc1 Be7 13. a3 b6 14. Ne5 Nxe5 15. dxe5 Bb7 16. Qh5 g6 17. Qh3 Rc8 18. Bh6 Re8 19. Bb5 1-0

[Event "ROM-ch U12"]
[Site "Calimanesti"]
[Date "2013.04.03"]
[Round "2"]
[White "Calin, Alexandru"]
[Black "Datcu Goiceanu, David"]
[Result "1-0"]
[WhiteElo "1788"]
[BlackElo "1636"]
[PlyCount "67"]
[EventDate "2013.04.02"]
[EventType "swiss"]
[EventRounds "9"]
[EventCountry "ROU"]
[SourceTitle "CBM 153 Extra"]
[Source "ChessBase"]
[SourceDate "2013.04.22"]
[SourceVersion "1"]
[SourceVersionDate "2013.04.22"]
[SourceQuality "1"]

1. d4 Nf6 2. Nf3 d5 3. c4 c6 4. g3 g6 5. Bg2 Bg7 6. 0-0 Nbd7 7. cxd5 cxd5 8. Nc3 Nb6 9. Ne5 0-0 10. b3 Bf5 11. Ba3 Re8 12. Rc1 Ng4 13. Nf3 Nf6 14. h3 Bd7 15. Ne5 Bc6 16. Nxc6 bxc6 17. Nb1 Qd7 18. Nd2 a5 19. e3 a4 20. Bc5 Reb8 21. b4 Ne8 22. Bxb6 Rxb6 23. a3 e5 24. dxe5 Bxe5 25. Nc4 Qc7 26. Nxb6 Qxb6 27. Qc2 Ra6 28. Rfd1 Nd6 29. Bf1 Nb5 30. Bxb5 Qxb5 31. Qd3 Qb7 32. Rc2 Rb6 33. e4 Rb5 34. Rdc1 1-0